000 00776nam a2200253Ia 4500
003 OSt
005 20220926022934.0
006 a|||||r|||| 00| 0
007 ta
008 220923b |||||||| |||| 00| 0 eng d
037 _cGeneral Book
040 _aRTL
_cRTL
_beng
041 _2eng
_aeng
082 _aY9(X:8), L6
100 _aRitchie J B
_9328445
245 0 _aOrganization and people
_b Readings, cases and exercises in organizational behaviour.
260 _aNew York
_bWest Publishing
_c1976
300 _axiv, 453p
_ccm.
490 _aWest Series in Management
650 _aSociology of Organisation
700 _a Thompson Paul
_913999
942 _hY9(X:8), L6
_cGB
_2CC
999 _c640605
_d640605